LEADER 01114nas a2200253 i 4500 001 000000132788 003 CaOOAMICUS 005 20050211000000.0 008 050211b2004 it uu u0 0ita r 013 $a105798 020 $a88-15-10028-8 040 $aSeMil$bita 245 10$aNorberto Bobbio :$bl'alito della libertà i rischi della democrazia ; Anarchico e relativista : intervista a Hayden White ; La complessità. 260 $aBologna :$bIl Mulino,$ccopyr. 2004. 300 $a239 p. ;$c24 cm. 500 $aTitoli dalla copertina. 773 0 $tIride.$dBologna : Il Mulino $w()3227 774 0 $t[vedi periodico].$w()259873 850 $aSeMil 852 $aSeMil$W1$xVenegono$y1$m158 6 29$j86689$B86689$CSeMilBibl$Z2$F92823 $85 961 $aAbbonamento: Il Mulino 996 $6020$a88-15-10028-8$9(OLS)http://semarc/number/119892 996 $6245$aNorberto Bobbio :$bl'alito della libertà i rischi della democrazia ; Anarchico e relativista : intervista a Hayden White ; La complessità$9(OLS)http://semarc/title/194983 996 $6260$aBologna :$bIl Mulino$9(OLS)http://semarc/publisher/29842 LEADER 01344nam a2200253 i 4500 001 000000016178 003 CaOOAMICUS 005 20220517111236.0 008 180830s1959 fr u000 u und u 040 $aSeMil$bita 100 1 $aBraun, François-Marie,$c.$0(OLS)http://semarc/name/7467 245 10$aJean le Théologien /$cpar F.-M. Braun des Frères Prêcheurs. 264 1$aParis :$bLecoffre,$c1959-1972. 300 $a4 v. ;$c25 cm. 490 1 $aÉtudes Bibliques 650 4$aBibbia. Nuovo Testamento. Vangelo secondo Giovanni - Commentari, studi, critica, interpretazioni.$0(OLS)http://semarc/subject/119 774 0 $t1: Jean le théologien et son Évangile dans l'Église ancienne.$dParis : Lecoffre, 1959.$w()106527 774 0 $t2: Les grandes traditions d'Israël et l'accord des Écritures selon le quatrième Évangile.$dParis : Victor Lecoffre, 1964.$w()152621 774 0 $t3.1: Sa théologie : Le mystère de Jésus-Christ.$dParis : Victor Lecoffre, 1966.$w()106529 774 0 $t3.2: Sa théologie : Le Christ, notre Seigneur.$dParis : Lecoffre, 1972.$w()106524 830 0$aÉtudes bibliques.$0(OLS)http://semarc/title/419576 996 $6245$aJean le Théologien$9(OLS)http://semarc/title/21412 996 $6264$aParis :$bLecoffre$9(OLS)http://semarc/publisher/29623